000 00514nam a2200169Ia 4500
003 GCL
008 140319s9999 xx 000 0 ara d
040 _aGCL /
_cGCL
082 0 4 _a780.92
_bع ف
100 1 _aعادل حسنين
245 1 0 _aفريد الاطرش: لحن الخلود /
_cعادل حسنين
490 _aالهيئة العامة للاستعلامات
_v0
650 0 4 _aالموسيقى
650 0 4 _aالموسيقيون - تراجم
650 0 4 _aفريد الاطرش
942 _2ddc
_cBK
999 _c49047
_d49047